[Event "27th Chicago Open"]
[Site "Chicago"]
[Date "2018.05.27"]
[Round "7"]
[White "Lee, Michael"]
[Black "Li, Ruifeng"]
[Result "0-1"]
[WhiteElo "2401"]
[BlackElo "2587"]
[PlyCount "96"]
[EventDate "2018.05.??"]
[EventType "swiss"]
[EventRounds "9"]
[EventCountry "USA"]

1. Nf3 c5 2. c4 Nc6 3. Nc3 g6 4. e3 Nf6 5. d4 cxd4 6. exd4 d5 7. cxd5 Nxd5 8.
Qb3 e6 9. Bg5 Be7 10. Bh6 Bf8 11. Bg5 f6 12. Bd2 Kf7 13. h4 Qb6 14. Bc4 Qxb3
15. Bxb3 Nxc3 16. Bxc3 Ne7 17. h5 Bh6 18. hxg6+ hxg6 19. Bd2 Bxd2+ 20. Kxd2 Bd7
21. Rae1 g5 22. Kd1 a5 23. a3 Rxh1 24. Rxh1 Kg7 25. Bc2 Ng6 26. Be4 g4 27. Bxg6
Kxg6 28. Ne1 Rc8 29. Kd2 Rc4 30. Ke3 Rc1 31. Kd2 Rb1 32. Kc2 Ra1 33. f3 Ba4+
34. Kd2 Rb1 35. Rh4 gxf3 36. gxf3 Rxb2+ 37. Kc1 Rb3 38. d5 Bd7 39. Rg4+ Kf7 40.
dxe6+ Kxe6 41. Re4+ Kd5 42. Rf4 Ke5 43. Re4+ Kf5 44. Re7 Bc6 45. Nc2 Rd3 46.
Kb2 Bxf3 47. Ne1 Rd2+ 48. Kc3 Re2 0-1

[Event "27th Chicago Open"]
[Site "Chicago"]
[Date "2018.05.28"]
[Round "7"]
[White "Shmeliov, Denis"]
[Black "Matsenko, Sergei"]
[Result "1/2-1/2"]
[WhiteElo "2443"]
[BlackElo "2563"]
[PlyCount "161"]
[EventDate "2018.05.??"]
[EventType "swiss"]
[EventRounds "9"]
[EventCountry "USA"]

1. d4 Nf6 2. c4 e6 3. Nc3 Bb4 4. Qc2 c5 5. dxc5 O-O 6. a3 Bxc5 7. Nf3 b6 8. Bf4
Bb7 9. Rd1 Nh5 10. Ng5 g6 11. Bc1 Be7 12. h4 Nc6 13. e4 Rc8 14. Be2 Ng7 15. Nf3
Na5 16. b3 a6 17. Bh6 Bxa3 18. h5 Nxh5 19. Ng5 Be7 20. Nxh7 Kxh7 21. Bxf8 Bxf8
22. Bxh5 Kg8 23. Be2 Bg7 24. Nb1 Qg5 25. Kf1 d5 26. exd5 Bxd5 27. Rg1 Qe7 28.
Qd3 Bb7 29. Qd6 Qxd6 30. Rxd6 Bf8 31. Rd2 Bb4 32. Rb2 Rd8 33. g4 Kg7 34. Rg3
Nc6 35. Bf3 a5 36. Bxc6 Bxc6 37. Ke2 Rd4 38. Nd2 Bc5 39. Rc2 Rf4 40. f3 Rd4 41.
Rh3 Bb4 42. Ke3 Bc5 43. Ke2 Bb4 44. Ke3 Rd8 45. g5 Bc5+ 46. Ke2 Be7 47. Rg3 Rh8
48. Ne4 Rh1 49. Rg2 Rh3 50. Ke3 Rh4 51. Rg4 Rh1 52. Rgg2 Rb1 53. Rb2 Ra1 54.
Ra2 Rh1 55. Rh2 Rxh2 56. Rxh2 Bxe4 57. Kxe4 Bxg5 58. c5 bxc5 59. Ra2 Bd8 60.
Rd2 Bf6 61. Rc2 Bd4 62. Rc4 f5+ 63. Kd3 e5 64. Ra4 Kf6 65. Rxa5 Kg5 66. Ra6 Kf4
67. Ke2 g5 68. Rg6 Bc3 69. Rg8 Bb4 70. Rg6 Ba3 71. Rg8 Bc1 72. Re8 Bb2 73. Rg8
e4 74. fxe4 fxe4 75. Rf8+ Ke5 76. Re8+ Kd4 77. Rd8+ Kc3 78. Rd5 Ba3 79. Rxg5
Kxb3 80. Re5 c4 81. Rxe4 1/2-1/2

[Event "27th Chicago Open"]
[Site "Chicago"]
[Date "2018.05.27"]
[Round "7"]
[White "Gabuzyan, Hovhannes"]
[Black "Santarius, Erik"]
[Result "1-0"]
[WhiteElo "2542"]
[BlackElo "2368"]
[PlyCount "53"]
[EventDate "2018.05.??"]
[EventType "swiss"]
[EventRounds "9"]
[EventCountry "USA"]

1. Nf3 Nf6 2. g3 b6 3. Bg2 Bb7 4. O-O e6 5. c4 g6 6. Nc3 Bg7 7. Re1 d5 8. d4
O-O 9. cxd5 exd5 10. Ne5 Na6 11. Bf4 Nh5 12. Qa4 Nxf4 13. gxf4 Nb8 14. e3 c6
15. Rec1 Qd6 16. b4 f6 17. Nd3 Nd7 18. Qb3 b5 19. a4 bxa4 20. Nxa4 Nb6 21. Ndc5
Rfb8 22. Nxb6 axb6 23. Nxb7 Rxa1 24. Nxd6 Rxc1+ 25. Bf1 Ra8 26. b5 Rd8 27. Nb7
1-0

[Event "27th Chicago Open"]
[Site "Chicago"]
[Date "2018.05.27"]
[Round "7"]
[White "Vibbert, Sean"]
[Black "Nyzhnyk, Illya"]
[Result "1/2-1/2"]
[WhiteElo "2331"]
[BlackElo "2618"]
[PlyCount "92"]
[EventDate "2018.05.??"]
[EventType "swiss"]
[EventRounds "9"]
[EventCountry "USA"]

1. e4 c6 2. d4 d5 3. Nc3 dxe4 4. Nxe4 Bf5 5. Ng3 Bg6 6. h4 h6 7. h5 Bh7 8. Nf3
Nd7 9. Bd3 Bxd3 10. Qxd3 e6 11. Bd2 Ngf6 12. O-O-O Be7 13. Ne4 Nxe4 14. Qxe4
Nf6 15. Qe2 Qd5 16. c4 Qe4 17. Qxe4 Nxe4 18. Be1 Bf6 19. Ne5 Rd8 20. f3 Nd6 21.
Bf2 Bxe5 22. dxe5 Nxc4 23. Rxd8+ Kxd8 24. Bxa7 Kc7 25. Re1 Ra8 26. Re4 b5 27.
Bd4 Rxa2 28. Rf4 c5 29. Kb1 Ra4 30. Rxf7+ Kc6 31. Bc3 b4 32. b3 Ra3 33. bxc4
Rxc3 34. Rf4 Re3 35. Re4 Rb3+ 36. Kc2 Rc3+ 37. Kb2 Kb6 38. Kb1 Rd3 39. Kc2 Rd7
40. Re1 Rd8 41. Re4 Ka5 42. f4 Kb6 43. g4 Rf8 44. f5 Kc7 45. fxe6 Kd8 46. Re3
Rf4 1/2-1/2

[Event "27th Chicago Open"]
[Site "Chicago"]
[Date "2018.05.27"]
[Round "7"]
[White "Katz, Alexander"]
[Black "Georgiev, Vladimir"]
[Result "1/2-1/2"]
[WhiteElo "2355"]
[BlackElo "2515"]
[PlyCount "99"]
[EventDate "2018.05.??"]
[EventType "swiss"]
[EventRounds "9"]
[EventCountry "USA"]

1. e4 d6 2. d4 Nf6 3. Nc3 e5 4. Nf3 Nbd7 5. Bc4 Be7 6. O-O Nb6 7. Bb3 exd4 8.
Qxd4 O-O 9. Re1 Nfd7 10. Be3 Nc5 11. Rad1 Bg4 12. e5 Bxf3 13. gxf3 Nxb3 14.
axb3 Qc8 15. Kh1 Qh3 16. Qg4 Qxg4 17. fxg4 dxe5 18. Bxb6 axb6 19. Rxe5 Bd6 20.
Red5 Rae8 21. Kg2 Be5 22. Rd7 f5 23. h3 Bd6 24. Rd5 fxg4 25. hxg4 Rf7 26. Rxf7
Kxf7 27. Kf3 Ke6 28. Rd1 Rf8+ 29. Ke2 Be5 30. Ne4 h6 31. c3 g6 32. f3 Bf4 33.
Nf2 h5 34. Nd3 Bg3 35. Ke3 Re8 36. Nf2 h4 37. f4 g5 38. Nh3 gxf4+ 39. Nxf4+
Kf6+ 40. Kf3 Bxf4 41. Kxf4 Re2 42. Rd7 Rf2+ 43. Ke3 Rxb2 44. Rxc7 h3 45. Rh7 h2
46. Kf4 Kg6 47. Rh5 Rxb3 48. Rxh2 Rxc3 49. Rd2 Rc4+ 50. Kg3 1/2-1/2

[Event "27th Chicago Open"]
[Site "Chicago"]
[Date "2018.05.27"]
[Round "7"]
[White "Homa, Seth"]
[Black "Perelshteyn, Eugene"]
[Result "1-0"]
[WhiteElo "2231"]
[BlackElo "2522"]
[PlyCount "92"]
[EventDate "2018.05.??"]
[EventType "swiss"]
[EventRounds "9"]
[EventCountry "USA"]

1. c4 Nf6 2. Nc3 g6 3. e4 d6 4. d4 Bg7 5. Nf3 O-O 6. Be2 Na6 7. O-O e5 8. d5
Nc5 9. Qc2 a5 10. Bg5 h6 11. Be3 b6 12. Nd2 Bg4 13. Qd1 Qc8 14. b3 Bxe2 15.
Qxe2 Ng4 16. Bxc5 bxc5 17. f3 Nf6 18. Nb5 h5 19. a3 Bh6 20. b4 axb4 21. axb4
cxb4 22. Nb3 Qb7 23. Qf2 Rxa1 24. Rxa1 Ra8 25. Rxa8+ Qxa8 26. Kf1 Qa4 27. Qb2
Nd7 28. Nxc7 Be3 29. Ke2 Bb6 30. Nb5 Nc5 31. Nd2 b3 32. Qa3 Qxa3 33. Nxa3 Kf8
34. Nb5 Ke7 35. Nb1 f5 36. exf5 gxf5 37. f4 exf4 38. Nd4 Kf6 39. h3 b2 40. Nc6
Ne4 41. Kd3 f3 42. gxf3 Nf2+ 43. Kc2 Nxh3 44. Kxb2 Ng1 45. Nd2 h4 46. f4 Be3
1-0

[Event "27th Chicago Open"]
[Site "Chicago"]
[Date "2018.05.28"]
[Round "7"]
[White "Petesch, Gabriel"]
[Black "Miellier, Yan"]
[Result "1/2-1/2"]
[WhiteElo "2266"]
[BlackElo "2050"]
[PlyCount "128"]
[EventDate "2018.05.??"]
[EventType "swiss"]
[EventRounds "9"]
[EventCountry "USA"]

1. e4 d6 2. d4 Nf6 3. Nc3 g6 4. Nf3 Bg7 5. h3 O-O 6. Bf4 c6 7. Be2 b5 8. a3 a5
9. O-O Bb7 10. e5 Ne8 11. Qd2 dxe5 12. Nxe5 Nd7 13. Rad1 Nd6 14. Rfe1 Re8 15.
Bf3 Rc8 16. Bg4 f5 17. Bf3 Nxe5 18. dxe5 Nc4 19. Qc1 Qc7 20. e6 Be5 21. Rxe5
Nxe5 22. Re1 Nxf3+ 23. gxf3 Qb6 24. Be5 Rf8 25. Qh6 Rf6 26. Ne4 fxe4 27. Rxe4
c5 28. Rh4 Qxe6 29. Qxh7+ Kf8 30. Qh8+ Qg8 31. Bxf6 Qxh8 32. Bxh8 Kf7 33. Bc3
b4 34. Bd2 Ke6 35. Rg4 Kf5 36. Be3 e5 37. f4 Rh8 38. Rg5+ Ke4 39. fxe5 Rxh3 40.
Kg2 Rh5 41. Rxh5 gxh5 42. Bxc5 bxa3 43. bxa3 Kxe5+ 44. Kg3 Kf5 45. Be7 Bc6 46.
Bd6 Be4 47. c3 Bc6 48. Kh4 Be8 49. f3 Bc6 50. f4 Be8 51. c4 a4 52. c5 Kg6 53.
Kg3 Kf5 54. Be7 Bc6 55. Bg5 Bd5 56. Kh4 Kg6 57. Kg3 Kf5 58. Kf2 Ke4 59. Ke2 Bb7
60. Kd2 Bc6 61. Kc3 h4 62. Bxh4 Kxf4 63. Kb4 Ke5 64. Ka5 Kd5 1/2-1/2

[Event "27th Chicago Open"]
[Site "Chicago"]
[Date "2018.05.27"]
[Round "7"]
[White "Yim, Sung Ho"]
[Black "Moore, Nickolas"]
[Result "1-0"]
[WhiteElo "2266"]
[BlackElo "2092"]
[PlyCount "60"]
[EventDate "2018.05.??"]
[EventType "swiss"]
[EventRounds "9"]
[EventCountry "USA"]

1. d4 Nf6 2. c4 c5 3. d5 b5 4. cxb5 a6 5. Nc3 g6 6. e4 d6 7. Nf3 Bg7 8. a4 O-O
9. Bd3 axb5 10. Bxb5 Na6 11. O-O Bb7 12. Re1 Nb4 13. Bf4 Ne8 14. Ra3 Nc7 15.
Bc4 Ra7 16. Bg5 h6 17. Bh4 g5 18. Bg3 f5 19. exf5 Rxf5 20. Qb1 Qd7 21. Rxe7
Qxe7 22. Qxf5 Ra8 23. Qg6 Rd8 24. h4 gxh4 25. Nxh4 Bc8 26. Ne4 Nbxd5 27. Nxd6
Be6 28. Bxd5 Nxd5 29. Nhf5 Qf6 30. Nxh6+ Kf8 1-0

[Event "27th Chicago Open"]
[Site "Chicago"]
[Date "2018.05.27"]
[Round "6.1"]
[White "Ashwin, Jayaram"]
[Black "Dragun, Kamil"]
[Result "1/2-1/2"]
[WhiteElo "2483"]
[BlackElo "2591"]
[PlyCount "48"]
[EventDate "2018.05.??"]
[EventType "swiss"]
[EventRounds "9"]
[EventCountry "USA"]

1. d4 Nf6 2. c4 e6 3. Nc3 Bb4 4. e3 O-O 5. Nf3 d5 6. Bd2 b6 7. cxd5 exd5 8. Rc1
Bb7 9. Bd3 a6 10. O-O Bd6 11. Ne5 c5 12. f4 Nc6 13. Be1 cxd4 14. Nxc6 Bxc6 15.
exd4 Bb7 16. Bh4 Re8 17. Qc2 h6 18. Bh7+ Kh8 19. Bf5 b5 20. Nb1 a5 21. Nd2 a4
22. g3 Qb6 23. Bxf6 gxf6 24. Nf3 Re3 1/2-1/2

[Event "27th Chicago Open"]
[Site "Chicago"]
[Date "2018.05.27"]
[Round "6.2"]
[White "Jumabayev, Rinat"]
[Black "Aldama Degurnay, Dionisio"]
[Result "1/2-1/2"]
[WhiteElo "2621"]
[BlackElo "2432"]
[PlyCount "119"]
[EventDate "2018.05.??"]
[EventType "swiss"]
[EventRounds "9"]
[EventCountry "USA"]

1. Nf3 Nf6 2. g3 g6 3. Bg2 Bg7 4. c4 O-O 5. d4 d6 6. Nc3 Nbd7 7. O-O e5 8. e4
c6 9. b3 Re8 10. d5 cxd5 11. cxd5 b5 12. Re1 a6 13. a3 Bb7 14. Bh3 Qb8 15. Be3
Rc8 16. Rc1 Rc7 17. Nd2 h5 18. Qe2 Qf8 19. Na2 Rac8 20. Rxc7 Rxc7 21. Nb4 Bh6
22. Nb1 Bxe3 23. Qxe3 Qd8 24. Bf1 Nc5 25. Nd2 Ng4 26. Qf3 Kg7 27. Rc1 Nd7 28.
Ra1 Qc8 29. Qd1 Nc5 30. Qe1 f5 31. f3 Nf6 32. Bh3 a5 33. Na2 Na6 34. Nf1 Qb8
35. exf5 Nxd5 36. Rd1 Rc2 37. Rd2 Qa7+ 38. Qf2 Qxf2+ 39. Kxf2 Rxd2+ 40. Nxd2
Nc5 41. fxg6 Kxg6 42. Nc1 Kf6 43. Bf1 Bc6 44. h4 Nc3 45. g4 hxg4 46. fxg4 e4
47. g5+ Ke5 48. Kg3 Ne6 49. a4 d5 50. axb5 Nxb5 51. Ne2 Nd6 52. Bh3 Ng7 53. Bg4
Be8 54. Kh3 d4 55. Ng3 Kf4 56. h5 Kxg5 57. Ngxe4+ Nxe4 58. Nxe4+ Kh6 59. Kg3
Nxh5+ 60. Kf3 1/2-1/2

[Event "27th Chicago Open"]
[Site "Chicago"]
[Date "2018.05.27"]
[Round "6.3"]
[White "Durarbayli, Vasif"]
[Black "Liang, Awonder"]
[Result "1/2-1/2"]
[WhiteElo "2618"]
[BlackElo "2561"]
[PlyCount "107"]
[EventDate "2018.05.??"]
[EventType "swiss"]
[EventRounds "9"]
[EventCountry "USA"]

1. e4 e5 2. Nf3 Nc6 3. Bb5 a6 4. Ba4 Nf6 5. O-O Be7 6. d3 b5 7. Bb3 d6 8. a4
Bd7 9. Be3 O-O 10. h3 Na5 11. Ba2 c5 12. axb5 axb5 13. Nc3 Nc6 14. Nxb5 Qb6 15.
c4 Nb4 16. Na3 Nxd3 17. Qxd3 Qxb2 18. Nb5 Rxa2 19. Rxa2 Qxa2 20. Nxd6 Qa6 21.
Bxc5 Be6 22. Rb1 Rd8 23. Rb6 Qa1+ 24. Rb1 Qa6 25. Rb6 Qa1+ 26. Rb1 Qa6 27. Nxe5
h6 28. Qd4 Rxd6 29. Bxd6 Qxd6 30. Nf3 Qxd4 31. Nxd4 Bxc4 32. Rb8+ Kh7 33. Rc8
Bd3 34. Rc7 Bd6 35. Rxf7 Kg6 36. Ra7 Nxe4 37. Ne6 Be5 38. Nf8+ Kf5 39. g4+ Kf6
40. Nd7+ Ke6 41. Nxe5 Kxe5 42. Rxg7 Ng5 43. Kh2 Kf4 44. Rg8 Nf3+ 45. Kh1 Be4
46. Rf8+ Kg5 47. Kg2 Kh4 48. Rf6 Nd2+ 49. f3 Bxf3+ 50. Rxf3 Nxf3 51. Kxf3 Kxh3
52. Kf4 Kg2 53. g5 hxg5+ 54. Kxg5 1/2-1/2

[Event "27th Chicago Open"]
[Site "Chicago"]
[Date "2018.05.27"]
[Round "6"]
[White "Patel, Advait"]
[Black "Shabalov, Alexander"]
[Result "1/2-1/2"]
[WhiteElo "2475"]
[BlackElo "2564"]
[PlyCount "70"]
[EventDate "2018.05.??"]
[EventType "swiss"]
[EventRounds "9"]
[EventCountry "USA"]

1. e4 c5 2. Nf3 d6 3. d4 cxd4 4. Nxd4 Nf6 5. Nc3 Nc6 6. Bg5 e6 7. Qd2 h6 8.
Bxf6 gxf6 9. O-O-O a6 10. f4 Bd7 11. g3 h5 12. Kb1 Qb6 13. Nb3 O-O-O 14. Bh3
Kb8 15. Rhf1 Bc8 16. Qe2 h4 17. Bg4 hxg3 18. hxg3 Rg8 19. Rh1 Bg7 20. Bh5 Qc7
21. f5 Ne5 22. Nd4 Bf8 23. Qf2 Qb6 24. Ka1 Nc4 25. Rb1 Bh6 26. Bxf7 Be3 27. Qe2
Qxd4 28. Rhd1 Qc5 29. fxe6 Nxb2 30. Rxb2 Bd4 31. Rxd4 Qxd4 32. Qd3 Qe5 33. e7
Qxe7 34. Bxg8 Rxg8 35. Rb6 d5 1/2-1/2

[Event "27th Chicago Open"]
[Site "Chicago"]
[Date "2018.05.27"]
[Round "6"]
[White "Zierk, Steven"]
[Black "Shimanov, Aleksandr"]
[Result "0-1"]
[WhiteElo "2487"]
[BlackElo "2625"]
[PlyCount "64"]
[EventDate "2018.05.??"]
[EventType "swiss"]
[EventRounds "9"]
[EventCountry "USA"]

1. e4 e5 2. Nf3 Nc6 3. Bb5 Nf6 4. O-O Nxe4 5. Re1 Nd6 6. Nxe5 Be7 7. Bf1 Nf5 8.
c3 Nxe5 9. Rxe5 d6 10. Re1 c5 11. Bb5+ Bd7 12. Bxd7+ Qxd7 13. d4 cxd4 14. g4
Nh4 15. Bg5 Ng6 16. Bxe7 Nxe7 17. cxd4 O-O-O 18. Nc3 h5 19. gxh5 Kb8 20. Ne4
Nf5 21. Rc1 Nh4 22. Re3 Qf5 23. Ng3 Qg5 24. h3 f5 25. Rb3 Rd7 26. Rbc3 Re7 27.
b4 a6 28. a4 Rhe8 29. b5 f4 30. Qg4 fxg3 31. Rc8+ Rxc8 32. Qxg5 Nf3+ 0-1

[Event "27th Chicago Open"]
[Site "Chicago"]
[Date "2018.05.27"]
[Round "6"]
[White "Li, Ruifeng"]
[Black "Shmeliov, Denis"]
[Result "1/2-1/2"]
[WhiteElo "2587"]
[BlackElo "2443"]
[PlyCount "105"]
[EventDate "2018.05.??"]
[EventType "swiss"]
[EventRounds "9"]
[EventCountry "USA"]

1. e4 e6 2. d3 c5 3. g3 Nc6 4. Bg2 g6 5. Nc3 Bg7 6. Be3 d6 7. Qd2 Qa5 8. Nge2
Nd4 9. O-O Nxe2+ 10. Qxe2 Ne7 11. Qd2 Nc6 12. Bf4 Qd8 13. Bh6 O-O 14. Bxg7 Kxg7
15. Nd1 e5 16. Ne3 Be6 17. f4 exf4 18. Rxf4 f6 19. Raf1 Rf7 20. c3 Qb6 21. h4
Raf8 22. Kh2 Ne7 23. d4 Qd8 24. Bh3 Bxh3 25. Kxh3 cxd4 26. Qxd4 Nc6 27. Qd2 Qe7
28. g4 Qe6 29. b3 Ne7 30. Kg3 h6 31. Qd3 g5 32. Nf5+ Nxf5+ 33. Rxf5 Re7 34. Re1
gxh4+ 35. Kxh4 Rg8 36. Qd4 b6 37. Kg3 Kf7 38. Kf3 Rg6 39. Rd1 Re8 40. Qd5 Reg8
41. Qxd6 Rxg4 42. Qc7+ Kg6 43. Kxg4 Qxe4+ 44. Qf4 Qg2+ 45. Kh4 Qg5+ 46. Rxg5+
hxg5+ 47. Kg4 gxf4 48. Kxf4 Rc8 49. c4 Rc7 50. Rd8 Kf7 51. Ke4 Ke7 52. Ra8 Kd6
53. Rf8 1/2-1/2

[Event "27th Chicago Open"]
[Site "Chicago"]
[Date "2018.05.27"]
[Round "6"]
[White "Shetty, Atulya"]
[Black "Gabuzyan, Hovhannes"]
[Result "1/2-1/2"]
[WhiteElo "2373"]
[BlackElo "2542"]
[PlyCount "92"]
[EventDate "2018.05.??"]
[EventType "swiss"]
[EventRounds "9"]
[EventCountry "USA"]

1. c4 Nf6 2. g3 c6 3. Bg2 d5 4. Nf3 g6 5. b3 Bg7 6. Bb2 O-O 7. O-O Bg4 8. d3
Nbd7 9. Nbd2 Re8 10. h3 Bxf3 11. Nxf3 e5 12. Qc2 e4 13. Nd4 e3 14. f4 Qb6 15.
Nf3 Rad8 16. Rac1 Nf8 17. Bd4 Qc7 18. Qb2 Nh5 19. Bxg7 Nxg7 20. cxd5 Rxd5 21.
Nh2 Rd6 22. Ng4 h5 23. Nf6+ Rxf6 24. Qxf6 Nf5 25. Kh2 h4 26. g4 Nh7 27. Qb2 Ng3
28. Rf3 g5 29. Kg1 gxf4 30. Rc2 Ng5 31. Qf6 Nxf3+ 32. Bxf3 Re6 33. Qd4 Qe5 34.
Qxe5 Rxe5 35. Rc4 Ra5 36. a4 b5 37. Rxf4 bxa4 38. bxa4 Rc5 39. g5 Rxg5 40. Kh2
Rf5 41. Rxh4 Rxf3 42. Rg4+ Kh7 43. Rxg3 Rf2+ 44. Rg2 Rf1 45. Rg3 Rf2+ 46. Rg2
Rf1 1/2-1/2

[Event "27th Chicago Open"]
[Site "Chicago"]
[Date "2018.05.27"]
[Round "6"]
[White "Macieja, Bartlomiej"]
[Black "Katz, Alexander"]
[Result "1-0"]
[WhiteElo "2534"]
[BlackElo "2355"]
[PlyCount "101"]
[EventDate "2018.05.??"]
[EventType "swiss"]
[EventRounds "9"]
[EventCountry "USA"]

1. d4 Nf6 2. c4 e6 3. g3 d5 4. Bg2 Be7 5. Nf3 O-O 6. Qc2 c5 7. cxd5 Nxd5 8.
dxc5 Qa5+ 9. Bd2 Qxc5 10. Qxc5 Bxc5 11. Nc3 Nc6 12. O-O Bd7 13. Rac1 Bb6 14.
Rfd1 Rac8 15. Na4 Rfd8 16. Kf1 Be8 17. Ke1 Ba5 18. Nc5 Bxd2+ 19. Nxd2 b6 20.
Nce4 Nce7 21. Rxc8 Nxc8 22. Nc4 Rd7 23. Rc1 Rc7 24. Kd2 Bb5 25. Ncd6 Rxc1 26.
Kxc1 Nxd6 27. Nxd6 Bxe2 28. Kd2 Ba6 29. Bxd5 exd5 30. Ke3 Kf8 31. Kd4 Ke7 32.
Kxd5 Be2 33. Kc6 Bf3+ 34. Kc7 Ke6 35. Nc8 b5 36. Nxa7 Bd5 37. a3 Bc4 38. Kc6
Kf5 39. Nxb5 Kg4 40. a4 Kh3 41. b4 Kxh2 42. Nc7 h5 43. b5 g5 44. b6 h4 45. gxh4
gxh4 46. b7 h3 47. b8=Q Kg1 48. Nd5 Bf1 49. Ne3 Bg2+ 50. Nxg2 hxg2 51. f4 1-0

[Event "27th Chicago Open"]
[Site "Chicago"]
[Date "2018.05.27"]
[Round "6"]
[White "Wang, Tianqi"]
[Black "Nyzhnyk, Illya"]
[Result "1/2-1/2"]
[WhiteElo "2293"]
[BlackElo "2618"]
[PlyCount "74"]
[EventDate "2018.05.??"]
[EventType "swiss"]
[EventRounds "9"]
[EventCountry "USA"]

1. Nf3 Nf6 2. c4 g6 3. b3 Bg7 4. Bb2 O-O 5. e3 d6 6. d4 e5 7. Nc3 e4 8. Nd2 Re8
9. Be2 h5 10. h3 h4 11. Qc2 Qe7 12. O-O-O c6 13. Kb1 a6 14. Rhe1 Bf5 15. Nf1 b5
16. Ka1 Nbd7 17. Nd2 Nb6 18. a3 Rac8 19. Bf1 Bd7 20. Rc1 a5 21. cxb5 cxb5 22.
Qb1 b4 23. Nb5 a4 24. Rxc8 Rxc8 25. Rc1 Ra8 26. Nc4 Nc8 27. bxa4 Rxa4 28. Nd2
Nb6 29. Qc2 Ra5 30. Qc7 Nfd5 31. Qb8+ Bf8 32. Nc7 bxa3 33. Bc3 Ra4 34. Nc4 Nxc4
35. Nxd5 Qg5 36. Qb7 Be6 37. Nf4 Na5 1/2-1/2

[Event "27th Chicago Open"]
[Site "Chicago"]
[Date "2018.05.27"]
[Round "6"]
[White "Santarius, Erik"]
[Black "Ramer, Scott"]
[Result "1-0"]
[WhiteElo "2368"]
[BlackElo "2135"]
[PlyCount "137"]
[EventDate "2018.05.??"]
[EventType "swiss"]
[EventRounds "9"]
[EventCountry "USA"]

1. d4 Nf6 2. c4 g6 3. Nc3 d5 4. cxd5 Nxd5 5. g3 Bg7 6. Bg2 Nb6 7. Nf3 Nc6 8. e3
O-O 9. O-O Re8 10. Nh4 e5 11. d5 Nb4 12. e4 c6 13. Qb3 Na6 14. Be3 cxd5 15.
exd5 Bd7 16. a4 Rc8 17. Nb5 e4 18. Nxa7 Nc5 19. Qc2 Bxa4 20. Rxa4 Ncxa4 21.
Nxc8 Qxc8 22. Bxe4 Qc4 23. Bd3 Qxd5 24. Be2 Rc8 25. Qb1 Qb3 26. Qe4 Qd5 27. Qb4
Bf8 28. Qg4 h5 29. Qf4 Nc5 30. Rd1 Qb3 31. Bf3 Ne6 32. Qe4 Rc7 33. Rd3 Qxb2 34.
Nxg6 Qb1+ 35. Rd1 Qxe4 36. Bxe4 Bc5 37. Nf4 Bxe3 38. fxe3 Nc4 39. Kf2 Nxf4 40.
exf4 Kg7 41. Rd5 h4 42. g4 b6 43. Rg5+ Kf8 44. Rh5 Nd6 45. Bd3 Rb7 46. Rxh4 b5
47. Rh8+ Ke7 48. Ra8 b4 49. Ra2 b3 50. Rb2 Rb4 51. Ke3 Nb7 52. Be4 Nc5 53. Bd5
f6 54. h4 Kd6 55. Bf7 Re4+ 56. Kf3 Rd4 57. Bg6 Rc4 58. h5 Ne6 59. h6 Rxf4+ 60.
Kg3 Rb4 61. h7 Rb8 62. Bf7 Ng5 63. Bg8 Nxh7 64. Bxh7 Ke5 65. Re2+ Kd5 66. Kf4
Rb6 67. Bg8+ Kd4 68. Rb2 Rb8 69. Be6 1-0

[Event "27th Chicago Open"]
[Site "Chicago"]
[Date "2018.05.27"]
[Round "6"]
[White "Ostrovskiy, Aleksandr"]
[Black "Colas, Joshua"]
[Result "1-0"]
[WhiteElo "2401"]
[BlackElo "2262"]
[PlyCount "179"]
[EventDate "2018.05.??"]
[EventType "swiss"]
[EventRounds "9"]
[EventCountry "USA"]

1. e4 c5 2. Nf3 e6 3. d4 cxd4 4. Nxd4 Nc6 5. Nc3 Qc7 6. Be3 a6 7. Qf3 Nf6 8.
O-O-O Bb4 9. Nxc6 dxc6 10. Bd4 e5 11. Qg3 Ng4 12. f3 Qa5 13. Bg1 Bxc3 14. bxc3
Be6 15. fxg4 O-O 16. c4 Rfd8 17. Be2 Rxd1+ 18. Bxd1 Rd8 19. Qe3 Qxa2 20. Qc3 b5
21. Bb6 Rc8 22. Qxe5 c5 23. Bxc5 Qxc4 24. Ba3 f6 25. Qd6 a5 26. Bb2 b4 27. Qd4
Qc7 28. e5 f5 29. Qd6 Qc4 30. Qd4 Qc7 31. Qd6 Qc4 32. Qd4 Qc7 33. gxf5 Bxf5 34.
Qd6 Qc4 35. Qd4 Qc7 36. Qd6 Qc4 37. Qd4 Qc7 38. Qd5+ Kh8 39. Qd6 Qc4 40. Qd4
Qc7 41. e6 Bxc2 42. Qe5 Bf5+ 43. Qxc7 Rxc7+ 44. Kd2 Bxe6 45. Re1 Rd7+ 46. Kc1
Rc7+ 47. Kb1 Bf5+ 48. Ka2 h6 49. Re5 Bc2 50. Bf3 a4 51. Rb5 Bb3+ 52. Kb1 Bc2+
53. Ka1 a3 54. Be5 Re7 55. Ka2 Bd3 56. Rc5 Bg6 57. Kb3 Bf7+ 58. Kxb4 a2 59. Bb2
Kh7 60. Ra5 Re1 61. Bd4 Re7 62. Kc3 Rc7+ 63. Kd2 Re7 64. Kd3 Bg6+ 65. Kd2 Rd7
66. Ke3 Re7+ 67. Kf4 Bb1 68. h4 Rf7+ 69. Ke3 Re7+ 70. Re5 Ra7 71. Ba1 Kg8 72.
Bd5+ Kf8 73. Bf3 Ra3+ 74. Kf2 Ra6 75. Rc5 Ra7 76. Rc8+ Kf7 77. Bd5+ Ke7 78. Rg8
Kd6 79. Bf3 g6 80. Ra8 Rxa8 81. Bxa8 h5 82. Ke3 Ke6 83. Kf4 Kf7 84. Bd5+ Ke7
85. Kg5 Bd3 86. Bxa2 Be4 87. g3 Bd3 88. Kf4 Bf5 89. Bd5 Bg4 90. Be4 1-0

[Event "27th Chicago Open"]
[Site "Chicago"]
[Date "2018.05.27"]
[Round "6"]
[White "Mulyar, Michael"]
[Black "Itkin, David"]
[Result "1/2-1/2"]
[WhiteElo "2400"]
[BlackElo "2243"]
[PlyCount "84"]
[EventDate "2018.05.??"]
[EventType "swiss"]
[EventRounds "9"]
[EventCountry "USA"]

1. d4 Nf6 2. Nf3 g6 3. c4 Bg7 4. g3 O-O 5. Bg2 d6 6. O-O Nc6 7. Nc3 Bf5 8. d5
Na5 9. Nh4 Bd7 10. Qd3 c5 11. Bd2 Rb8 12. b3 a6 13. Rac1 b5 14. h3 bxc4 15.
bxc4 Rb4 16. Nd1 Ra4 17. a3 Ne8 18. Kh2 e6 19. e4 Nxc4 20. Rxc4 Rxc4 21. Qxc4
Bb5 22. Qc2 Bxf1 23. Bxf1 exd5 24. exd5 Nc7 25. Ne3 Qf6 26. Kg2 Rb8 27. Bc1 Qa1
28. Nf3 Rb1 29. Bd2 Nb5 30. Qe4 Be5 31. Nxe5 dxe5 32. a4 Nd6 33. Qh4 Rb8 34.
Ng4 Qd4 35. Nf6+ Kg7 36. Bh6+ Kh8 37. g4 Nf5 38. Qg5 Rb2 39. Bg7+ Nxg7 40. Qh4
h5 41. Bd3 Qxd3 42. Qg5 Qd2 1/2-1/2

[Event "27th Chicago Open"]
[Site "Chicago"]
[Date "2018.05.27"]
[Round "6"]
[White "Moore, Nickolas"]
[Black "Rozman, Levy"]
[Result "0-1"]
[WhiteElo "2092"]
[BlackElo "2389"]
[PlyCount "72"]
[EventDate "2018.05.??"]
[EventType "swiss"]
[EventRounds "9"]
[EventCountry "USA"]

1. d4 d5 2. c4 dxc4 3. Nf3 Nf6 4. e3 Bg4 5. Bxc4 e6 6. Nc3 Nc6 7. h3 Bh5 8. Bb5
Bd6 9. g4 Bg6 10. Qa4 O-O 11. Nh4 Be4 12. Nxe4 Nxe4 13. Nf3 Nb4 14. a3 a6 15.
Be2 b5 16. Qd1 Nd5 17. Qc2 f5 18. Bd3 Qf6 19. Qe2 Rae8 20. Nd2 Qg6 21. Qf3 Ng5
22. Qg2 c6 23. O-O Qh6 24. Qh1 Nxh3+ 25. Kg2 Nhf4+ 26. exf4 Nxf4+ 27. Kg1 Qxh1+
28. Kxh1 Nxd3 29. g5 e5 30. Nf3 exd4 31. Nxd4 c5 32. Nf3 Re2 33. Kg2 Rfe8 34.
b3 R8e4 35. Nd2 Rg4+ 36. Kf3 Nxc1 0-1

[Event "27th Chicago Open"]
[Site "Chicago"]
[Date "2018.05.27"]
[Round "6"]
[White "Sarkar, Justin"]
[Black "Homa, Seth"]
[Result "1/2-1/2"]
[WhiteElo "2327"]
[BlackElo "2231"]
[PlyCount "37"]
[EventDate "2018.05.??"]
[EventType "swiss"]
[EventRounds "9"]
[EventCountry "USA"]

1. d4 Nf6 2. c4 e6 3. Nc3 Bb4 4. g3 d5 5. Bg2 O-O 6. Nf3 dxc4 7. a3 Be7 8. Ne5
c5 9. dxc5 Qc7 10. Nxc4 Qxc5 11. Qb3 Nc6 12. Be3 Nd4 13. Bxd4 Qxd4 14. O-O Bd7
15. Ne4 Rac8 16. Nxf6+ Bxf6 17. Rad1 Qxc4 18. Qxc4 Rxc4 19. Rxd7 1/2-1/2

[Event "27th Chicago Open"]
[Site "Chicago"]
[Date "2018.05.26"]
[Round "5.1"]
[White "Patel, Advait"]
[Black "Durarbayli, Vasif"]
[Result "1/2-1/2"]
[WhiteElo "2475"]
[BlackElo "2618"]
[PlyCount "81"]
[EventDate "2018.05.??"]
[EventType "swiss"]
[EventRounds "9"]
[EventCountry "USA"]

1. e4 e5 2. Nf3 Nc6 3. Bb5 a6 4. Ba4 Nf6 5. O-O b5 6. Bb3 Bc5 7. a4 Rb8 8. Nxe5
Nxe5 9. d4 Bxd4 10. Qxd4 d6 11. Bf4 O-O 12. Nc3 c5 13. Qd2 c4 14. Ba2 b4 15.
Nd5 Nxd5 16. exd5 Qc7 17. Qd4 b3 18. cxb3 cxb3 19. Rac1 Qb6 20. Qxb6 Rxb6 21.
Bb1 Rb4 22. Bxe5 dxe5 23. Rfe1 Rxa4 24. Rxe5 g6 25. Re3 Ra1 26. Rec3 Bd7 27.
Bd3 Rxc1+ 28. Rxc1 a5 29. Rc7 Rd8 30. Kf1 Kg7 31. Ke2 Kf6 32. Ra7 a4 33. f4
Bg4+ 34. Ke3 Rxd5 35. Bc4 Rd7 36. Rxa4 Bf5 37. Ra5 Bc2 38. Rd5 Re7+ 39. Re5 Rd7
40. Rd5 Re7+ 41. Re5 1/2-1/2